Central Library OPAC University of Rajshahi

British trade in the Common Market : (Record no. 2972)

MARC details
000 -LEADER
fixed length control field 00867nam a2200253 a 4500
001 - CONTROL NUMBER
control field 2972
003 - CONTROL NUMBER IDENTIFIER
rucl marc code BD-RjUL
005 - DATE AND TIME OF LATEST TRANSACTION
control field 20211208233643.0
008 - FIXED-LENGTH DATA ELEMENTS--GENERAL INFORMATION
fixed length control field 131217s1962 enka b 001 0 eng
035 ## - SYSTEM CONTROL NUMBER
System control number (BD-RjUL)3000
040 ## - CATALOGING SOURCE
Original cataloging agency DLC
Transcribing agency ZXC
Modifying agency BD-RjUL
Language of cataloging eng
041 ## - LANGUAGE CODE
Language code of text/sound track or separate title eng
082 04 - DEWEY DECIMAL CLASSIFICATION NUMBER
Classification number 337.914
Author mark and year CLB 1962
100 1# - MAIN ENTRY--PERSONAL NAME
Personal name Clark, Colin
Dates associated with a name 1905-1989
9 (RLIN) 9471
245 10 - TITLE STATEMENT
Title British trade in the Common Market :
Remainder of title plain facts about the Common Market /
Statement of responsibility, etc. Colin Clark ; in collaboration with Henryk Frankel ; with the assistance of Lynden Moore.
260 ## - PUBLICATION, DISTRIBUTION, ETC. (IMPRINT)
Place of publication, distribution, etc. London :
Name of publisher, distributor, etc. Stevens,
Date of publication, distribution, etc. 1962.
300 ## - PHYSICAL DESCRIPTION
Pagination viii, 149 p. :
Illustrations ill. ;
Size 22 cm.
504 ## - BIBLIOGRAPHY, ETC. NOTE
Bibliography, etc Includes bibliographical references and index.
610 20 - SUBJECT ADDED ENTRY--CORPORATE NAME
Corporate name or jurisdiction name as entry element European Economic Community
Geographic subdivision Great Britain.
700 1# - ADDED ENTRY--PERSONAL NAME
Personal name Frankel, Henryk.
Personal name Briscoe, Lynden.
942 ## - ADDED ENTRY ELEMENTS (KOHA)
Source of classification or shelving scheme Dewey Decimal Classification
Koha item type Books
Holdings
Lost status Source of classification or shelving scheme Damaged status Not for loan Collection code Permanent Location Current Location Shelving location Date acquired Source of acquisition Cost, normal purchase price Total Checkouts Full call number Date last seen Copy number Koha item type
  Dewey Decimal Classification     Non-fiction Central Library, University of Rajshahi Central Library, University of Rajshahi   26/03/2063 Zitlinger 18.60   337.914 CLB 1962 17/12/2013 C-2 Books
  Dewey Decimal Classification     Non-fiction Central Library, University of Rajshahi Central Library, University of Rajshahi   26/03/2063 Zitlinger 18.60   337.914 CLB 1962 17/12/2013 C-3 Books
  Dewey Decimal Classification     Non-fiction Central Library, University of Rajshahi Central Library, University of Rajshahi   01/09/2064 Zitlinger 18.60   337.914 CLB 1962 17/12/2013 C-5 Books
  Dewey Decimal Classification   Not For Loan Non-fiction Central Library, University of Rajshahi Central Library, University of Rajshahi Reading Room 26/03/1963 Zeitlinger 18.60   337.914 CLB 1962 11/08/2015 C-1 Books